Nagpur Christian Fellowship Directory (Record no. 9029)

MARC details
000 -LEADER
fixed length control field 00624nam a2200241 a 4500
020 ## - INTERNATIONAL STANDARD BOOK NUMBER
ISBN
082 00 - DEWEY DECIMAL CLASSIFICATION NUMBER
Classification number 025
Author Cutter MAT
100 ## - MAIN ENTRY--AUTHOR NAME
Author name Mategaonkar, Pramod
245 ## - TITLE STATEMENT
Title Nagpur Christian Fellowship Directory
260 ## - PUBLICATION, DISTRIBUTION, ETC. (IMPRINT)
Place of publication Nagpur
Name of publisher Nagpur Christian Fellowship
Year of publication 1994
300 ## - PHYSICAL DESCRIPTION
Number of Pages 73p
500 ## - GENERAL NOTE
General note includes index and biblioraphy
505 2# - FORMATTED CONTENTS NOTE
Formatted contents note Bibliography, Index
650 ## - SUBJECT ADDED ENTRY--TOPICAL TERM
Topical Term Directory-Christian Churches
942 ## - ADDED ENTRY ELEMENTS (KOHA)
Koha item type Books
700 1# -
-- Mategaonkar, Pramod
Holdings
Collection code Home library Current library Date acquired Cost, normal purchase price Full call number Accession Number Koha item type
  Henry Martyn Institute Library Henry Martyn Institute Library 04/21/2008 100.00 025 MAT 014904 Books
                   Copyright © 2026 | Henry Martyn Institute | Hyderabad | TS-500052 | INDIA | Implemented by hmi.edu.in
Hit-Count:

Powered by Koha